000 00437nam a2200157Ia 4500
008 220204s9999 xx 000 0 und d
082 _a678.065
_bGUP;1
100 _aGupta, R S
245 0 _aComplete manufacturing details and know-how on tyres and tubes,hoses,beltings and foam
260 _aDelhi
_bSIRI
_c1974-75
650 _aBelt
650 _aHose
650 _aLatex foam
650 _aRubber machinery suppliers
942 _cBK
999 _c24932
_d24932